000
00187nam a22000977a 4500
245
_a
Xam Idea Chemistry
250
_a
2024
260
_b
V.K. Publicatoin
300
_a
536
942
_2
ddc
_c
SB
999
_c
9079
_d
9079